On This Day: February 7th Quiz Stats

 Plays Quiz Updated Feb 7, 2018

Challenge
Share
Tweet
Embed
Score 0/7 Timer 03:00
0 Plays Today
Question Answer Wrong Answers
This writer, whose works includes 'A Tale of Two Cities', is born.
1812
Charles Dickens
93.5%
Mark Twain
3%
Herman Melville
1.4%
Henry David Thoreau
1.4%
John F. Kennedy begins the blockade of this country by banning the import and export of all goods.
1962
Cuba
90.8%
Soviet Union
2.1%
Vietnam
2.4%
China
2.8%
The 22nd Winter Olympic Games open in this city.
2014
Sochi
76.6%
Beijing
9.2%
Torino
2.5%
Vancouver
9.6%
With the Treaty of Brussels, this royal house splits into Spanish and Austrian branches.
1522
Habsburg
65.2%
Mèdici
10.9%
Tudor
13%
Bourbon
10.9%
This amendment to the US constitution, dealing with each state's sovereign immunity, is ratified.
1795
11th
60.3%
12th
18.7%
15th
9.4%
14th
11.1%
Walt Disney premieres this movie, his second full length animated feature.
1940
Pinocchio
49.5%
Snow White and the Seven Dwarves
43.1%
Robin Hood
1.5%
Peter Pan
4.1%
Considered the third worst in US history, 1500 buildings in 80 blocks are destroyed in a fire in this eastern city.
1904
Baltimore
38.3%
Washington
4.3%
New York
24%
Philadelphia
31.9%

Today's Daily Dose

You're not logged in!

Compare scores with friends on all Sporcle quizzes.
OR
Log In

You Might Also Like...

Show Comments

Extras

Top Quizzes Today


Score Distribution

Your Account Isn't Verified!

In order to create a playlist on Sporcle, you need to verify the email address you used during registration. Go to your Sporcle Settings to finish the process.

Report this User

Report this user for behavior that violates our Community Guidelines.

Details: